Economic and soical survey of Asia and the Pacific 2008: sustaining growthand sharing prosperity (Record no. 42858)

MARC details
000 -LEADER
fixed length control field 00351nam a2200109Ia 4500
020 ## - INTERNATIONAL STANDARD BOOK NUMBER
ISBN 8171886981
082 ## - DEWEY DECIMAL CLASSIFICATION NUMBER
Classification number 332.146.2
Item number ECO
245 #0 - TITLE STATEMENT
Title Economic and soical survey of Asia and the Pacific 2008: sustaining growthand sharing prosperity
260 ## - PUBLICATION, DISTRIBUTION, ETC. (IMPRINT)
Place of publication New Delhi
Name of publisher Academic foundation
Year of publication 2008
942 ## - ADDED ENTRY ELEMENTS (KOHA)
Koha item type Books
Holdings
Withdrawn status Lost status Damaged status Not for loan Home library Current library Date acquired Cost, normal purchase price Full call number Accession Number Koha item type
        RRII Library RRII Library 16/12/2021 795.00 332.146.2 ECO 23122 Books